00925nam a2200229Ia 4500008004100000050001200041050001500053100003500068245017400103245010000277260003100377260001000408260001000418300001500428300002000443300001100463500005600474650001200530942000700542999001900549952012700568160628s9999 xx 000 0 und d aSB 341  b.F819 2016 aFrancisco, Frederick Andrew B. aEffectiveness allium cepa var. Aggregatum (shallot) bulb crude extract on low density lipoprotein-cholestrol levels of institute of cancer research mice (mus musculus) / cFrederick Andrew B. Francisco, Jyrah Adria C. Papag, Micaella S. Tayao, Leireen Joy M. Vasquez. aLas Piñas, Philippines : bSISC, c2016. a79 pages : billustrations ; c28 cm. aIncludes bibliographical references and appendices. aOnions. cTH c296203d296203 00102lcc40aSSLCbSSLCcSSLCd2016-06-28eDONATIONl0oSB 341 .F819 2016pSSLCT0008r2017-04-20 00:00:00w2016-06-28yTH